LEADER 02170nam 2200469 450 001 9910154841003321 005 20230810001520.0 010 $a1-63472-251-5 035 $a(CKB)3710000000972089 035 $a(MiAaPQ)EBC5154227 035 $a(EXLCZ)993710000000972089 100 $a20180504d2017 uy 0 101 0 $aeng 135 $aurcnu|||||||| 181 $ctxt$2rdacontent 182 $cc$2rdamedia 183 $acr$2rdacarrier 200 10$aCoding with Blockly /$fby Amber Lovett 210 1$aAnn Arbor, Michigan :$cCherry Lake Publishing,$d[2017] 210 4$dİ2017 215 $a1 online resource (24 pages) $cillustrations 225 1 $a21st century skills innovation library. Makers as innovators junior 311 $a1-63472-185-3 320 $aIncludes bibliographical references and index. 327 $aWhat is Blockly? -- Learning the right words -- How does Blockly work? -- Writing good instructions -- Cracking the code -- What does Blockly look like? -- Moving blocks -- Adding and deleting blocks -- What if my code doesn't work? 330 $a"Blockly is a fun, graphical programming language designed to get kids interested in creating their own computer programs. Through simple text written to foster creativity and problem solving, students will the art of innovation. Large, colorful images show students how to complete activities. Additional tools, including a glossary and an index, help students learn new vocabulary and locate information."--$cProvided by publisher. 410 0$a21st century skills innovation library.$pMakers as innovators. 606 $aComputer graphics$vJuvenile literature 606 $aComputer programming$vJuvenile literature 606 $aProgramming languages (Electronic computers)$vJuvenile literature 615 0$aComputer graphics 615 0$aComputer programming 615 0$aProgramming languages (Electronic computers) 676 $a005.26/2 700 $aLovett$b Amber$01247949 801 0$bMiAaPQ 801 1$bMiAaPQ 801 2$bMiAaPQ 906 $aBOOK 912 $a9910154841003321 996 $aCoding with Blockly$92892715 997 $aUNINA